000
00236nam a2200097Ia 4500
001
650435
005
20250826154359.0
008
250824s9999 xx 000 0 und d
245
0
_a
Serçe Kuş
_c
Cahit Zarifoğlu
260
_b
BEYAN YAYINLARI
999
_c
650435
_d
650435